000 00427nam a2200145Ia 4500
008 151213s9999 xx 000 0 und d
100 _aStuastu ; James & Others
245 _aStrategist The Business Strategy Simulation
_cStuastu ; James & Others
260 _aVirginia
_bInterprative Software
_c1998
300 _a3115 p.
650 _aManagement
650 _aManagement
700 _aStuastu ; James & Others
999 _c2140
_d2140